| 000 | 00552nam a2200217Ia 4500 | ||
|---|---|---|---|
| 999 |
_c40050 _d40050 |
||
| 001 | 6656 | ||
| 003 | GE_BSU | ||
| 005 | 20191209145955.0 | ||
| 008 | 181216s1974||||ge |||||||||||||| ||geo|| | ||
| 040 | _cGE_BSU | ||
| 041 | _ageo | ||
| 080 | _a821.353.1-1 გ-26 | ||
| 100 |
_aგეგეჭკორი, გივი _95711 |
||
| 245 | _aლექსები | ||
| 260 | _aთბილისი | ||
| 260 | _bმერანი | ||
| 260 | _c1974 | ||
| 300 |
_a72 გვ. ; _c17 სმ. |
||
| 653 | _aლექსები | ||
| 942 |
_cBK _2udc |
||